000 00321nam a2200133Ia 4500
008 190216s9999||||xx |||||||||||||| ||und||
100 _aJames R Durig
245 0 _aVibrational Spectra And Structure
250 _a1st Ed.
260 _bMarcel Dekker
_c1972
300 _a196
650 _aChemistry-Chemistry
942 _cBK
999 _c2434
_d2434